Bayern Wappen der Landkreise - Statistiken

Allgemein
  • Dieses Quiz wurde 24 mal gespielt
  • Das Durchschnittsergebnis liegt bei 42 aus 96
Antwortstatistiken
Bildquiz Antwort % Korrekt
Augsburg (Stadt)
89%
Fürth (Stadt)
78%
München (Stadt)
78%
Rosenheim (Stadt)
78%
Aschaffenburg (Stadt)
67%
Coburg (Stadt)
67%
Ingolstadt
67%
Schweinfurt (Stadt)
67%
Würzburg
67%
Ansbach (Stadt)
56%
Bamberg (Stadt)
56%
Erlangen
56%
Hof (Stadt)
56%
Kaufbeuren
56%
Landkreis Augsburg
56%
Landkreis Ebersberg
56%
Landkreis Garmisch-Partenkirchen
56%
Landkreis Straubing-Bogen
56%
Landshut (Stadt)
56%
Nürnberg
56%
Passau (Stadt)
56%
Regensburg (Stadt)
56%
Weiden in der Oberpfalz
56%
Amberg
44%
Bayreuth (Stadt)
44%
Kempten (Allgäu)
44%
Landkreis Ansbach
44%
Landkreis Aschaffenburg
44%
Landkreis Bad Tölz-Wolfratshausen
44%
Landkreis Bamberg
44%
Landkreis Bayreuth
44%
Landkreis Coburg
44%
Landkreis Deggendorf
44%
Landkreis Eichstätt
44%
Landkreis Erding
44%
Landkreis Forchheim
44%
Landkreis Hof
44%
Landkreis Kitzingen
44%
Landkreis Landshut
44%
Landkreis Main-Spessart
44%
Landkreis München
44%
Landkreis Neumarkt in der Oberpfalz
44%
Landkreis Nürnberger Land
44%
Landkreis Oberallgäu
44%
Landkreis Ostallgäu
44%
Landkreis Passau
44%
Landkreis Regen
44%
Landkreis Rhön-Grabfeld
44%
Landkreis Rosenheim
44%
Landkreis Roth
44%
Landkreis Würzburg
44%
Memmingen
44%
Schwabach
44%
Straubing
44%
Fürstenfeldbruck
33%
Landkreis Aichach-Friedberg
33%
Landkreis Altötting
33%
Landkreis Amberg-Sulzbach
33%
Landkreis Bad Kissingen
33%
Landkreis Berchtesgadener Land
33%
Landkreis Cham
33%
Landkreis Dachau
33%
Landkreis Dillingen an der Donau
33%
Landkreis Dingolfing-Landau
33%
Landkreis Donau-Ries
33%
Landkreis Freising
33%
Landkreis Freyung-Grafenau
33%
Landkreis Fürth
33%
Landkreis Günzburg
33%
Landkreis Haßberge
33%
Landkreis Kronach
33%
Landkreis Kulmbach
33%
Landkreis Landsberg am Lech
33%
Landkreis Lichtenfels
33%
Landkreis Lindau (Bodensee)
33%
Landkreis Miesbach
33%
Landkreis Miltenberg
33%
Landkreis Neuburg-Schrobenhausen
33%
Landkreis Neustadt an der Waldnaab
33%
Landkreis Neu-Ulm
33%
Landkreis Pfaffenhofen an der Ilm
33%
Landkreis Regensburg
33%
Landkreis Rottal-Inn
33%
Landkreis Schwandorf
33%
Landkreis Schweinfurt
33%
Landkreis Starnberg
33%
Landkreis Traunstein
33%
Landkreis Unterallgäu
33%
Landkreis Weilheim-Schongau
33%
Landkreis Weißenburg-Gunzenhausen
33%
Landkreis Wunsiedel im Fichtelgebirge
33%
Landkreis Erlangen-Höchstadt
22%
Landkreis Kelheim
22%
Landkreis Mühldorf am Inn
22%
Landkreis Neustadt an der Aisch-Bad Windsheim
22%
Landkreis Tirschenreuth
22%
Keine übereinstimmenden Quizze gefunden
Verteilung der Resultate
Anzahl Personen mit jedem Resultat
Perzentil nach korrekt beantworteten Fragen
Ihre Resultats-Entwicklung
Sie haben dieses Quiz noch nicht gespielt